| 000 | 01276nac a22003491u 4500 | ||
|---|---|---|---|
| 003 | EG-ScBUE | ||
| 005 | 20211222113537.0 | ||
| 008 | 090124s1999 enkab f 001 f eng d | ||
| 020 | _a0261102370(part3) | ||
| 020 | _a0261102362 (part2) | ||
| 040 |
_aEG-ScBUE _beng _erda _cEG-ScBUE _dEG-ScBUE |
||
| 082 | 0 | 4 |
_a823.912 _bTOL _222 |
| 100 | 1 |
_aTolkien, J. R. R. _q(John Ronald Reuel), _d1892-1973, _eauthor. _919605 |
|
| 245 | 1 | 4 |
_aThe lord of the rings : _bBeing The Third part of / _cby J.R.R. Tolkien. |
| 264 | 1 |
_aLondon : _bHarper Collins Publishers, _c1999. |
|
| 300 |
_a2 volumes : _billustrations, maps ; _c20 cm |
||
| 336 |
_2rdacontent _atext _btxt |
||
| 337 |
_2rdamedia _aunmediated _bn |
||
| 338 |
_2rdacarrier _avolume _bnc |
||
| 500 | _aincludes index. | ||
| 500 | _aMaps on lining pages. | ||
| 505 | 0 | _apart 2. The Two Towers. -- part 3. The Return of the King. | |
| 650 | 7 |
_aBaggins, Frodo (Fictitious character) _vFiction. _919606 _2BUEsh |
|
| 650 | 7 |
_aMiddle Earth (Imaginary place) _vFiction. _919607 _2BUEsh |
|
| 650 | 7 |
_aFantasy fiction, English _919604 _2BUEsh |
|
| 651 | _2BUEsh | ||
| 653 |
_bHHUUEENN _cDecember2021 |
||
| 655 |
_vReading book _934232 |
||
| 740 | _aThe Two Towers | ||
| 740 | _aThe Return of the king | ||
| 942 |
_cBB _2ddc |
||
| 999 |
_c2731 _d2731 |
||